| 000 | 01118cam a2200325 4500 | ||
|---|---|---|---|
| 001 | M1415 | ||
| 008 | 090401t1993 xxu||||| |||| 00| 0 eng d | ||
| 035 | _a(Sirsi) u31804 | ||
| 041 | _aeng | ||
| 050 | _a346.41046 | ||
| 090 | _aRICS 1993/32A | ||
| 110 |
_aRoyal Institution of Chartered Surveyors _94900 |
||
| 245 | _aMinerals law update: Minerals Division annual conference, RICS headquarters ... 19th March 1993. | ||
| 260 |
_aLondon _bRICS _c1993 |
||
| 300 | _a1v. (loose-leaf) ; 30cm. | ||
| 350 | _a0 | ||
| 520 | _aCover title. Papers: - How to rate your plant & machinery (notes)/ SANDERSON, I.P. - The Wych Farm oilfield/ VAUGHAN, M. - Ransom strips & landfill airspace (notes)/ WAKE, B. - Future legislation for the coal industry/ BLACKWELL, J. | ||
| 650 | _aCOAL INDUSTRY | ||
| 650 | _aCONFERENCES | ||
| 650 | _aLANDFILL AIRSPACE | ||
| 650 | _aLAW CASES | ||
| 650 | _aMINERALS DIVISION | ||
| 650 | _aPLANT AND MACHINERY | ||
| 650 | _aRANSOM STRIPS | ||
| 650 | _aWOOD COMMITTEE | ||
| 650 | _aWYTCH FARM OILFIELD | ||
| 690 | _aMINING AND MINERALS | ||
| 942 | _n0 | ||
| 948 | _c04/03/1997 | ||
| 999 |
_c89629 _d89629 |
||